LDR 00906naa#a2200241#i#450# 001 RU\\bibl\106622 005 20260416050339.4 011 ## _a2308-4057 100 ## _a20260325b2026####ek#y0rusy0150####ca 101 0# _aENG 102 ## _aRU 200 1# _aSoft-shell clam from the waters of the Kandalaksha Bay: Use for food purposes _eЖурнальная статья 210 1# _aКемерово _cКемеровский государственный университет _d2026 215 ## _a6 с. 608 ## _aЖурнальная статья _2local 675 ## _aСельское хозяйство. Лесное хозяйство. Охота. Рыбное хозяйство. 63 _zENG 700 #1 _aShokina _gYulia V. 700 #1 _aLutsyk _gPavel V. 700 #1 _aReshetnik _gEkaterina I. 700 #1 _aGribanova _gSvetlana L. 700 #1 _aDerzhapolskaya _gYulia I. 700 #1 _aYiqian _gMa 856 4# _azh-szf.ru _u